| 000 | 00546 a2200193 4500 | ||
|---|---|---|---|
| 005 | 20260430145239.0 | ||
| 008 | 260430b |||||||| |||| 00| 0 eng d | ||
| 020 |
_a9789360800130 _cRs. 3495.00 |
||
| 040 | _aMAIN | ||
| 082 |
_a491.25 _bV552G |
||
| 100 | _aVencatavaradiengar, S | ||
| 245 | _aGuide to panini: An english of panini's aphorisms on sanskrit grammar | ||
| 260 |
_bManohar Publishers _c2025 _aNew Delhi |
||
| 300 | _av. | ||
| 650 | _aLanguages | ||
| 650 | _aSanskrit Grammar | ||
| 650 | _aIndo - Aryan Languages | ||
| 942 | _cBK | ||
| 999 |
_c395873 _d395873 |
||